| 000 -NÁVESTIE |
| fixed length control field |
01486nam a2200385 a 4500 |
| 008 - ÚDAJE S PEVNOU DĹŽKOU – VŠEOBECNÉ INFORMÁCIE |
| fixed length control field |
970903s1997 m yxo aap r yy 0 slo c |
| 020 ## - MEDZINÁRODNÉ ŠTANDARDNÉ ČÍSLO KNIHY (ISBN) |
| Medzinárodné štandardné číslo knihy (ISBN) |
8088824559 |
| Údaje o dostupnosti |
Dar |
| 040 ## - ZDROJ KATALOGIZÁCIE |
| Pôvodná katalogizujúca agentúra |
SNK |
| Jazyk katalogizácie |
slo |
| Prepisujúca agentúra |
SNK |
| Konvencie popisu |
AACR2 |
| 041 1# - KÓD JAZYKA |
| Kód jazyka textu/zvukovej stopy alebo samostatných nápisov |
slo |
| Kód jazyka originálu a/alebo sprostredkujúcich prekladov textu |
ger |
| 044 ## - KÓD KRAJINY VYDAVATEĽA/PRODUCENTA |
| Kód krajiny MARC |
xo |
| Kód krajiny ISO |
SK |
| 080 ## - ČÍSLO MEDZINÁRODNÉHO DESATINNÉHO TRIEDENIA (MDT) |
| Číslo Medzinárodného desatinného triedenia (MDT) |
618(075.8) |
| 240 10 - UNIFIKOVANÝ NÁZOV |
| Unifikovaný názov |
Lehrbuch der Gynäkologie und Geburtshilfe |
| Jazyk diela |
Slovensky |
| 245 10 - NÁZOV |
| Názov |
Gynekológia a pôrodníctvo |
| Údaj o zodpovednosti atď. |
autorský kolektív Meinert Breckwoldt ...[et al.] ; [z nemeckého originálu preložil Vladimír Mikulaj ... [et al.]] |
| 260 ## - VYDAVATEĽSKÉ ÚDAJE, DISTRIBÚCIA ATĎ. |
| Miesto publikovania, distribúcie atď. |
Martin |
| Názov vydavateľa, distibútora atď. |
Osveta |
| Dátum publikovania, distribúcie atď. |
1997 |
| 300 ## - FYZICKÝ POPIS |
| Rozsah |
xxii, 658 s. |
| Ďalšie fyzické detaily |
fotogr. (čiast. fareb.), tab. |
| Rozmery |
25 cm |
| 500 ## - VŠEOBECNÁ POZNÁMKA |
| Formátovaná poznámka o obsahu |
Fotogr. a text na predsádkach |
| 500 ## - VŠEOBECNÁ POZNÁMKA |
| Formátovaná poznámka o obsahu |
Údaj o prekl. prevzatý z rubu tit. strany |
| 500 ## - VŠEOBECNÁ POZNÁMKA |
| Formátovaná poznámka o obsahu |
Na vyd. pripravili Gerhard Martius, Meinert Breckwoldt, Albrecht Pfleiderer |
| 504 ## - |
| -- |
Bibliogr. odkazy. Reg. |
| 650 07 - PRIDANÝ VSTUP – PREDMET – TEMATICKÉ HESLO |
| Tematické heslo alebo geografický názov ako vstupný prvok |
gynekológia |
| Všeobecný pododdiel |
učebnice vysokoškolské |
| Zdroj hesla alebo termínu |
SNK |
| 650 07 - PRIDANÝ VSTUP – PREDMET – TEMATICKÉ HESLO |
| Tematické heslo alebo geografický názov ako vstupný prvok |
pôrodníctvo |
| Všeobecný pododdiel |
učebnice vysokoškolské |
| Zdroj hesla alebo termínu |
SNK |
| 700 1# - PRIDANÝ VSTUP – OSOBNÉ MENO |
| Osobné meno |
Breckwoldt, Meinert |
| Kód roly |
aut |
| 700 1# - PRIDANÝ VSTUP – OSOBNÉ MENO |
| Osobné meno |
Pfleiderer, Albrecht |
| Kód roly |
aut |
| 700 1# - PRIDANÝ VSTUP – OSOBNÉ MENO |
| Osobné meno |
Martius, Gerhard |
| Kód roly |
aut |
| 700 1# - PRIDANÝ VSTUP – OSOBNÉ MENO |
| Osobné meno |
Mikulaj, Vladimír |
| Kód roly |
trl |
| 700 1# - PRIDANÝ VSTUP – OSOBNÉ MENO |
| Osobné meno |
Plank, Karol |
| Kód roly |
trl |
| 700 1# - PRIDANÝ VSTUP – OSOBNÉ MENO |
| Osobné meno |
Lokša, Viliam |
| Kód roly |
trl |
| 700 1# - PRIDANÝ VSTUP – OSOBNÉ MENO |
| Osobné meno |
Štefanovičová, Ingrid |
| Kód roly |
trl |
| 700 1# - PRIDANÝ VSTUP – OSOBNÉ MENO |
| Osobné meno |
Fabelová, Gisela |
| Kód roly |
aut |
| 700 1# - PRIDANÝ VSTUP – OSOBNÉ MENO |
| Osobné meno |
Schneider, Henning |
| Kód roly |
aut |
| 700 1# - PRIDANÝ VSTUP – OSOBNÉ MENO |
| Osobné meno |
Martius, Joachim |
| Kód roly |
aut |
| 730 ## - |
| -- |
Lehrbuch der Gynäkologie und Geburtshilfe |
| 765 0# - VÄZBA NA PÔVODNÝ JAZYK |
| Názov |
Lehrbuch der Gynäkologie und Geburtshilfe |
| 958 ## - Formálny deskriptor |
| Formálny deskriptor |
AUC |